[Event "ch-PER"]
[Site "Lima PER"]
[Date "2004.03.07"]
[Round "3.1"]
[White "Garcia,Jh"]
[Black "Barreto Carreno,C"]
[Result "1-0"]
[WhiteElo "2237"]
[BlackElo "2172"]

1.d4 Nf6 2.Nf3 g6 3.c4 Bg7 4.Nc3 d6 5.e4 O-O 6.Be2 e5 7.O-O Nbd7 8.Re1 Re8
9.Bf1 c6 10.d5 c5 11.a3 Rf8 12.b4 Ne8 13.Be3 b6 14.Rb1 Nc7 15.bxc5 Nxc5 16.Bxc5 bxc5
17.Qa4 f5 18.Rb3 Bh6 19.Qc6 Ba6 20.Nxe5 Bd2 21.Reb1 Bxc3 22.Rxc3 fxe4 23.Ng4 Rc8
24.Rg3 Qe7 25.Re1 h5 26.Ne3 Qf6 27.Nd1 Rb8 28.Qxc7 Rb1 29.h4 e3 30.Rf3 exf2+
31.Rxf2 Qxf2+ 32.Nxf2 Rxe1 33.Qxd6 Bxc4 34.Qxg6+ Kh8 35.Qxh5+ Kg7 36.Qg4+  1-0

[Event "ch-PER"]
[Site "Lima PER"]
[Date "2004.03.08"]
[Round "4.2"]
[White "Pacheco,M"]
[Black "Garcia,Ja"]
[Result "1-0"]
[WhiteElo "2304"]
[BlackElo "2324"]

1.d4 Nf6 2.c4 g6 3.Nc3 Bg7 4.e4 d6 5.Nf3 O-O 6.Be2 e5 7.O-O Nbd7 8.Qc2 c6
9.Rd1 Qe7 10.d5 c5 11.g3 Kh8 12.Bg5 h6 13.Bd2 Ng8 14.Nh4 h5 15.a3 Ndf6 16.b4 b6
17.bxc5 bxc5 18.Rab1 Bg4 19.f3 Bh3 20.Qa4 Rab8 21.Qa6 Rfd8 22.Rxb8 Rxb8 23.Nb5 Ne8
24.Qxa7 Qxa7 25.Nxa7 Rb2 26.Nb5 Bh6 27.Bxh6 Nxh6 28.Bf1 Bxf1 29.Rxf1 Rc2
30.f4 Ng4 31.Nf3 Rxc4 32.fxe5 dxe5 33.d6 Nef6 34.Ng5 Rc2 35.h3 Kg7 36.hxg4 Nxg4
37.Rd1  1-0

[Event "70th ch-BLR"]
[Site "Minsk BLR"]
[Date "2004.03.10"]
[Round "7"]
[White "Lavretzkij,R"]
[Black "Tihonov,J"]
[Result "0-1"]
[WhiteElo "2390"]
[BlackElo "2443"]

1.d4 Nf6 2.c4 g6 3.Nc3 Bg7 4.e4 d6 5.Be2 O-O 6.Nf3 Na6 7.O-O e5 8.d5 Nc5
9.Nd2 a5 10.Qc2 Ne8 11.b3 f5 12.f3 Nf6 13.a3 Nh5 14.Re1 Qh4 15.Bb2 Qg5 16.Bf1 Nf4
17.b4 Ncd3 18.g3 Nxe1 19.Rxe1 Nh5 20.Bg2 axb4 21.axb4 Bh6 22.Nb3 Qe7 23.Nb5 fxe4
24.fxe4 Nf6 25.Nc3 Bd7 26.Bc1 Bxc1 27.Qxc1 Ng4 28.Nd2 Qg5 29.Nd1 Ra2  0-1

[Event "70th ch-BLR"]
[Site "Minsk BLR"]
[Date "2004.03.12"]
[Round "9"]
[White "Dydyshko,V"]
[Black "Tihonov,J"]
[Result "1-0"]
[WhiteElo "2574"]
[BlackElo "2443"]

1.d4 Nf6 2.c4 g6 3.Nc3 Bg7 4.e4 d6 5.Nf3 O-O 6.Be2 e5 7.O-O Na6 8.Re1 Qe8
9.Bg5 Bg4 10.h3 Bxf3 11.Bxf3 Nd7 12.d5 f5 13.exf5 Nb6 14.fxg6 Qxg6 15.Ne4 Nc5
16.Bh5 Qf5 17.Bg4 Qg6 18.Nxc5 dxc5 19.Be7 Rf4 20.b3 e4 21.Be6+ Rf7 22.Bxc5 Bxa1
23.Qxa1 Nd7 24.Bd4 c5 25.Bc3 Re8 26.Bxf7+ Kxf7 27.Qc1 Ke7 28.Re3 Kd6 29.Rg3 Qf5
30.Rg5 Qf8 31.Qe3 Kc7 32.Rg7 Re7 33.Qg3+  1-0

[Event "Degremont GP"]
[Site "Clichy FRA"]
[Date "2004.03.13"]
[Round "1.4"]
[White "Collas,D"]
[Black "Relange,E"]
[Result "0-1"]
[WhiteElo "2436"]
[BlackElo "2505"]

1.Nf3 Nf6 2.c4 g6 3.Nc3 Bg7 4.e4 d6 5.d4 O-O 6.Be2 e5 7.dxe5 dxe5 8.Qxd8 Rxd8
9.Nd5 Nxd5 10.cxd5 c6 11.Bc4 cxd5 12.Bxd5 Nd7 13.Bg5 Re8 14.Nd2 Nf6 15.Bb3 Bd7
16.f3 Bc6 17.O-O-O a5 18.a4 Nd7 19.Be3 Bf8 20.Bc2 Bc5 21.Nc4 Bxe3+ 22.Nxe3 Nc5
23.b3 Rac8 24.Kb2 Ne6 25.Bd3 Nd4 26.Bc4 Kg7 27.Rc1 f5 28.Bd5 Rf8 29.exf5 gxf5
30.Bxc6 Nxc6 31.Nc4 Rcd8 32.Rcd1 Kf6 33.Kc3 Rg8 34.g3 h5 35.Rhe1 h4 36.Rxd8 Rxd8
37.gxh4 Rh8 38.Nd6 Rxh4 39.Nxb7 Rxh2 40.Rd1 Ke7 41.Rd5 e4 42.fxe4 fxe4 43.Nxa5 Rh3+
44.Kd2 Ke6 45.Rc5 e3+ 46.Kd3 Nb4+ 47.Ke2 Nd5 48.Nc4 Nc3+ 49.Kd3 e2+ 50.Kd2 Ne4+
51.Kxe2 Nxc5 52.a5 Rxb3 53.Kd2 Ne4+ 54.Kc2 Rc3+ 55.Kb2 Rxc4 56.a6 Kd5 57.a7 Ra4
58.Kb3 Rxa7 59.Kb4 Rb7+  0-1

[Event "Degremont GP"]
[Site "Clichy FRA"]
[Date "2004.03.13"]
[Round "1.2"]
[White "David,Alb"]
[Black "Apicella,M"]
[Result "1-0"]
[WhiteElo "2580"]
[BlackElo "2540"]

1.c4 Nf6 2.d4 g6 3.Nc3 Bg7 4.e4 d6 5.Nf3 O-O 6.Be2 e5 7.O-O Na6 8.Be3 Ng4
9.Bg5 Qe8 10.dxe5 dxe5 11.h3 f6 12.Bd2 Nh6 13.c5 c6 14.Bxh6 Bxh6 15.Bxa6 bxa6
16.Qa4 Rb8 17.b4 f5 18.Rad1 fxe4 19.Nxe4 Bxh3 20.Rd6 Be6 21.Qxc6 Qxc6 22.Rxc6 Bxa2
23.Nf6+ Kh8 24.Nd7 Rbc8 25.Rxa6 Bc4 26.Rxa7 Bxf1 27.Nxf8 Rxf8 28.Kxf1 e4
29.Ne5 Bd2 30.b5 Bc3 31.Nf7+ Kg8 32.c6 Bd4 33.Rd7 Bb6 34.c7 e3 35.Nh6+ Kh8
36.Rd8  1-0

[Event "Dos Hermanas Internet Final"]
[Site "ICC INT"]
[Date "2004.03.14"]
[Round "3.1"]
[White "Georgiev,Ki"]
[Black "Becerra Rivero,J"]
[Result "1/2-1/2"]
[WhiteElo "2637"]
[BlackElo "2569"]

1.c4 g6 2.d4 Bg7 3.Nc3 Nf6 4.e4 d6 5.Nf3 O-O 6.Be2 e5 7.Be3 exd4 8.Nxd4 Re8
9.f3 Nc6 10.O-O Nh5 11.Qd2 Nxd4 12.Bxd4 Nf4 13.Kh1 Bxd4 14.Qxd4 Nxe2 15.Nxe2 b6
16.Nc3 Bb7 17.Rad1 Qg5 18.Nd5 Bxd5 19.cxd5 Re7 20.f4 Qh4 21.Rde1 Rae8 22.g3 Qg4
23.Kg2 Qd7 24.Re3 c5 25.dxc6 Qxc6 26.Rfe1 f5 27.Kf3 Rxe4 28.Rxe4 b5 29.g4 fxe4+
30.Rxe4 a5 31.h3 a4 32.a3 Re7 33.Qd3 Re8 34.Qd4 Re7 35.Qd3 Re8  1/2-1/2

[Event "Blitz"]
[Site "Reykjavik ISL"]
[Date "2004.03.17"]
[Round "3"]
[White "Hjartarson,J"]
[Black "Nataf,IA"]
[Result "1-0"]
[WhiteElo "2640"]
[BlackElo "2569"]

1.d4 Nf6 2.c4 g6 3.Nc3 Bg7 4.e4 d6 5.Nf3 O-O 6.Be2 e5 7.O-O Na6 8.Be3 Ng4
9.Bg5 Qe8 10.h3 exd4 11.Nxd4 Nf6 12.Bf3 h6 13.Be3 Nh7 14.h4 Nf6 15.Re1 Nd7
16.g3 Ne5 17.Be2 h5 18.f3 Bd7 19.Rc1 c6 20.Qd2 Nc5 21.b4 Ne6 22.f4 Ng4 23.Bxg4 Nxd4
24.Bxd4 Bxg4 25.Bxg7 Kxg7 26.Nd1 Rd8 27.Nf2 Qd7 28.f5 gxf5 29.Qg5+ Kh7 30.Nxg4 fxg4
31.Qxh5+ Kg7 32.Rf1 f6 33.Rf4 Rg8 34.Rxg4+ Kf8 35.Qh6+ Kf7 36.Qh7+ Ke6 37.Qxd7+ Kxd7
38.Rxg8 Rxg8 39.Kf2 Ke6 40.Kf3 Ke5 41.Rd1 a5 42.b5 a4 43.h5 a3 44.g4 cxb5
45.Rd5+ Ke6 46.Rxb5 Rc8 47.Rb4 Ke5 48.h6 Rh8 49.Rb5+ Kd4 50.Rh5 Kxc4 51.Kf4 b5
52.Kf5 b4 53.Kg6 b3 54.axb3+ Kxb3 55.h7 a2 56.Rh1 Kc4 57.Kg7 Ra8 58.h8=Q Kd4
59.Re1 a1=Q 60.Rxa1 Kxe4 61.Rf1 Rxh8  1-0

[Event "TCh-CZE Extraliga 2003-4"]
[Site "Czech Rep CZE"]
[Date "2004.03.20"]
[Round "8"]
[White "Jedlicka,A"]
[Black "Firt,S"]
[Result "1/2-1/2"]
[WhiteElo "2301"]
[BlackElo "2363"]

1.d4 Nf6 2.Nf3 g6 3.c4 Bg7 4.Nc3 O-O 5.e4 d6 6.Be2 e5 7.O-O Nbd7 8.Be3 Ng4
9.Bg5 f6 10.Bc1 Nh6 11.h3 Nf7 12.Qc2 c6 13.Be3 Bh6 14.Bxh6 Nxh6 15.Rad1 Qe7
16.b4 f5 17.exf5 gxf5 18.dxe5 dxe5 19.c5 Kh8 20.Bc4 e4 21.Nd4 Ne5 22.Bb3 Bd7
23.f3 e3 24.f4 Ng6 25.Nce2 Rae8 26.Nf3 Qg7 27.Rd6 Rf6 28.Qd3 Rxd6 29.Qxd6 Bc8
30.Rd1 Ng8 31.Ng5 h6 32.Nf7+ Kh7 33.g3 Nf6 34.Kh2 Ne7 35.Qd4 Ned5 36.Nd6 Rf8
37.Qe5 Qg6 38.Bc2 Qh5 39.Bxf5+ Kg8 40.Be6+ Bxe6 41.Qxe6+ Kh8 42.g4 Qh4 43.Rf1 h5
44.g5 Ng4+ 45.Kg2 Nf2 46.Qh6+ Kg8 47.Qe6+ Kh8 48.Ne4 Nxf4+ 49.Nxf4 Rxf4 50.Qe5+ Kg8
51.Qe6+ Kh7 52.Qh6+ Kg8 53.Qe6+  1/2-1/2

[Event "TCh-AUT 2003-4"]
[Site "Jenbach AUT"]
[Date "2004.03.20"]
[Round "10"]
[White "Danner,G"]
[Black "Wittmann,W"]
[Result "1/2-1/2"]
[WhiteElo "2393"]
[BlackElo "2326"]

1.d4 Nf6 2.Nf3 g6 3.c4 Bg7 4.Nc3 d6 5.e4 O-O 6.Be2 e5 7.d5 Na6 8.O-O Nc5
9.Qc2 a5 10.Bg5 h6 11.Be3 b6 12.Nd2 Bg4 13.f3 Bd7 14.b3 Nh5 15.Rfe1 f5 16.a3 fxe4
17.Ndxe4 Nxe4 18.Nxe4 Nf6 19.Bd3 Nxe4 20.Bxe4 Bf5 21.b4 axb4 22.axb4 Qh4
23.Reb1 Bxe4 24.Qxe4 Qxe4 25.fxe4 Rfb8 26.Kf2 Bf8 27.Ke2 Kg7 28.b5 Rxa1 29.Rxa1 Be7
30.Ra7 Bd8 31.h4 Kh7 32.c5 bxc5 33.Bxc5 dxc5 34.d6 Kg8 35.dxc7 Bxc7 36.Rxc7 Rxb5
37.Kd3 Rb2 38.Kc4 Rxg2  1/2-1/2

[Event "TCh-AUT 2003-4"]
[Site "Jenbach AUT"]
[Date "2004.03.20"]
[Round "10"]
[White "Farago,I"]
[Black "Baumegger,S"]
[Result "1/2-1/2"]
[WhiteElo "2506"]
[BlackElo "2374"]

1.d4 Nf6 2.c4 g6 3.Nc3 Bg7 4.e4 d6 5.Be2 O-O 6.Nf3 e5 7.O-O Na6 8.Re1 c6
9.Bf1 Bg4 10.d5 c5 11.h3 Bd7 12.Bg5 h6 13.Be3 Ne8 14.Qd2 Kh7 15.Nh2 f5 16.exf5 gxf5
17.f4 Nf6 18.Be2 Be8 19.Rf1 Bg6 20.g4 exf4 21.Rxf4 Ne4 22.Nxe4 fxe4 23.Rxf8 Qxf8
24.h4 Qe7 25.h5 Be8 26.Rf1 Bd7 27.Kh1 Rf8 28.Rxf8 Bxf8 29.g5 hxg5 30.Bxg5 Qe5
31.Bg4 Nb8 32.Bxd7 Nxd7 33.Ng4 Qe8 34.Qh2 Qf7 35.Kg1 Bg7 36.Qxd6 Qxh5 37.Qxd7 Qxg5
38.Qe6 Qf4 39.d6 Qg3+ 40.Kf1 Qf3+ 41.Kg1 e3 42.d7 e2 43.d8=Q Qg3+ 44.Kh1 e1=Q+
45.Qxe1 Qxe1+ 46.Kg2 Qe2+ 47.Kg3 Qxb2 48.Qd3+ Kh8 49.Nf2  1/2-1/2

[Event "20th Spring Festival"]
[Site "Budapest HUN"]
[Date "2004.03.23"]
[Round "5"]
[White "Kerek,C"]
[Black "Kerek,K"]
[Result "1-0"]
[WhiteElo "2347"]
[BlackElo "2343"]

1.d4 Nf6 2.c4 g6 3.Nc3 Bg7 4.e4 d6 5.Nf3 O-O 6.Be2 e5 7.dxe5 dxe5 8.Qxd8 Rxd8
9.Bg5 Re8 10.Nd5 Nxd5 11.cxd5 c6 12.Bc4 cxd5 13.Bxd5 Nc6 14.O-O-O Bg4 15.Kb1 Rac8
16.Rc1 Nb4 17.Bxb7 Rb8 18.Rc7 Nd3 19.Be3 a5 20.Ng5 h6 21.Nxf7 Rf8 22.Bd5 Rxb2+
23.Ka1 Kh7 24.Nxe5 Rbxf2 25.Bxf2 Nxf2 26.Rb1 Nd3 27.Rxg7+  1-0

[Event "14th Asian Cities"]
[Site "Tagaytay City PHI"]
[Date "2004.03.26"]
[Round "8"]
[White "Halay,T"]
[Black "Moradiabadi,E"]
[Result "1-0"]
[WhiteElo "2212"]
[BlackElo "2383"]

1.d4 Nf6 2.c4 g6 3.Nc3 Bg7 4.e4 d6 5.Nf3 O-O 6.Be2 Na6 7.O-O e5 8.d5 Nc5
9.Qc2 a5 10.b3 Nh5 11.Ne1 Nf4 12.Nd3 Nfxd3 13.Bxd3 f5 14.f3 f4 15.Be2 g5
16.Bd2 h5 17.a3 g4 18.Rfb1 Qh4 19.Be1 Qg5 20.b4 Na6 21.Na4 h4 22.Rb3 gxf3
23.Bxf3 Bd7 24.b5 b6 25.Qf2 h3 26.Nxb6 cxb6 27.bxa6 Rxa6 28.Rab1 Rc8 29.Qe2 Ra7
30.Rxb6 Rac7 31.Rxd6 Bf8 32.Rxd7 Rxd7 33.Bg4 Rg7 34.Bxh3 Bc5+ 35.Kh1 Re8
36.a4 Rh7 37.Qf3 Be3 38.Be6+ Kh8 39.h3 Bd4 40.Bxa5 Ra7 41.Be1 Kg7 42.a5 Kf6
43.Bf5 Rc7 44.Qe2 Rg8 45.Rb4 Rcg7 46.Be6 Qxg2+ 47.Qxg2 Rxg2 48.Bh4+ R8g5
49.Bxg5+ Rxg5 50.Bg4 Rg8 51.Rb5 f3 52.d6 f2 53.Kg2 Kg5 54.d7 Rf8 55.Kf1 Kf6
56.c5 Ke7 57.c6 Kd6 58.Rd5+ Kc7 59.d8=Q+ Rxd8 60.Rxd8 Kxd8 61.h4 Kc7 62.Bd7  1-0

[Event "IV Open"]
[Site "Dos Hermanas ESP"]
[Date "2004.03.27"]
[Round "3"]
[White "Epishin,V"]
[Black "Movsziszian,K"]
[Result "1-0"]
[WhiteElo "2633"]
[BlackElo "2497"]

1.d4 g6 2.c4 Bg7 3.e4 d6 4.Nf3 Nf6 5.Nc3 O-O 6.Be2 e5 7.O-O Nbd7 8.Re1 h6
9.Qc2 Nh7 10.Be3 Ng5 11.Rad1 Nxf3+ 12.Bxf3 c6 13.Bg4 Qh4 14.Bxd7 Bxd7 15.Qd2 Rad8
16.f3 Kh7 17.Bf2 Qh5 18.dxe5 Bxe5 19.f4 Bg7 20.Bd4 Bg4 21.Bxg7 Kxg7 22.Qd4+ f6
23.Rd3 Qc5 24.f5 g5 25.h3 Bh5 26.b3 Qa5 27.h4 Qc5 28.Kf2 a6 29.Rh1 gxh4 30.Rxh4 Bf7
31.Rg4+ Kh7 32.a4 Rg8 33.Rxg8 Kxg8  1-0

[Event "IV Open"]
[Site "Dos Hermanas ESP"]
[Date "2004.03.27"]
[Round "3"]
[White "Barrero Garcia,C"]
[Black "Pereira Figueroa,M"]
[Result "1-0"]
[WhiteElo "2339"]
[BlackElo "2094"]

1.Nf3 Nf6 2.c4 g6 3.Nc3 Bg7 4.e4 d6 5.d4 O-O 6.Be2 e5 7.O-O Na6 8.Be3 Ng4
9.Bg5 Qe8 10.dxe5 dxe5 11.h3 h6 12.Bc1 Nf6 13.Be3 Qe7 14.Qc1 Kh7 15.c5 Nb8
16.Rd1 Nc6 17.Bf1 Rd8 18.Rxd8 Qxd8 19.Qc2 Be6 20.Rd1 Qf8 21.Bb5 Ne8 22.Bxc6 bxc6
23.Qa4 Bc8 24.Qxc6 Rb8 25.b3 Bb7 26.Qa4 Ra8 27.Rd7 Nf6 28.Rxc7  1-0

[Event "IV Open"]
[Site "Dos Hermanas ESP"]
[Date "2004.03.29"]
[Round "5"]
[White "Pogorelov,R"]
[Black "Diaz Castro,S"]
[Result "1-0"]
[WhiteElo "2451"]
[BlackElo "2201"]

1.Nf3 g6 2.c4 Bg7 3.d4 Nf6 4.Nc3 d6 5.e4 O-O 6.Be2 e5 7.O-O Na6 8.Be3 Ng4
9.Bg5 Qe8 10.dxe5 dxe5 11.h3 h6 12.Bd2 Nf6 13.Be3 Qe7 14.Nd5 Qd8 15.Nxf6+ Qxf6
16.c5 Rd8 17.Qc1 Kh7 18.a3 c6 19.Ng5+ Kg8 20.Bc4 Rf8 21.Rd1 Qe7 22.Rd6 hxg5
23.Bxg5 Qe8 24.Rxg6 Kh7 25.Rxg7+ Kxg7 26.Bf6+  1-0

[Event "IV Open"]
[Site "Dos Hermanas ESP"]
[Date "2004.03.31"]
[Round "7"]
[White "Candela Perez,J"]
[Black "Diaz Castro,S"]
[Result "1-0"]
[WhiteElo "2435"]
[BlackElo "2201"]

1.d4 g6 2.c4 Bg7 3.Nf3 Nf6 4.Nc3 d6 5.e4 O-O 6.Be2 e5 7.d5 a5 8.Bg5 h6 9.Bh4 Na6
10.Nd2 Qe8 11.a3 Bd7 12.b3 Nh7 13.Qb1 h5 14.f3 Bh6 15.Bf2 Qe7 16.b4 Qg5 17.Nf1 h4
18.g3 Qe7 19.gxh4 Nf6 20.Ng3 Kh7 21.Bd3 axb4 22.axb4 Nxb4 23.Ke2 Rxa1 24.Qxa1 Ng4
25.Be1 Qf6 26.Bb1 Qf4 27.Nd1 Qc1 28.Bc3 Na6 29.Qb2 Qxb2+ 30.Nxb2 Nf6 31.Nd3 Nh5
32.Nxh5 gxh5 33.Bc2 Rg8 34.Be1 c6 35.Bg3 b5 36.Ra1 Ra8 37.c5 Bf8 38.cxd6 Bxd6
39.Bxe5 Bc7 40.Rxa6 Rxa6 41.Bxc7 Ra2 42.Nb4 Rb2 43.Bd6 cxd5 44.Kd1 dxe4 45.fxe4 f5
46.e5 Kg6 47.Kc1  1-0

[Event "IV Open"]
[Site "Dos Hermanas ESP"]
[Date "2004.03.31"]
[Round "7"]
[White "Suba,M"]
[Black "Villavicencio,A"]
[Result "1-0"]
[WhiteElo "2522"]
[BlackElo "2331"]

1.c4 Nf6 2.Nc3 g6 3.e4 d6 4.d4 Bg7 5.Nf3 O-O 6.Be2 e5 7.O-O exd4 8.Nxd4 Re8
9.f3 c6 10.Nc2 Nh5 11.g4 Be5 12.gxh5 Bxh2+ 13.Kf2 Na6 14.Bd3 Bh3 15.hxg6 hxg6
16.Be3 Nc5 17.Ke2 Bxf1+ 18.Qxf1 Ne6 19.Qf2 Be5 20.f4 Bg7 21.Rg1 Qf6 22.Kd2 Nc5
23.Bd4 Qe7 24.Bxg7 Kxg7 25.Ne3  1-0

[Event "TCh-FRA Nat1 GpB"]
[Site "Montpellier FRA"]
[Date "2004.04.01"]
[Round "4"]
[White "Simon,Ge"]
[Black "Lallemand,R"]
[Result "0-1"]
[WhiteElo "2074"]
[BlackElo "2274"]

1.d4 Nf6 2.Nf3 g6 3.c4 Bg7 4.Nc3 O-O 5.e4 d6 6.Be2 Na6 7.O-O e5 8.d5 Nc5
9.Qc2 a5 10.Ne1 Ne8 11.Be3 f5 12.f3 f4 13.Bf2 b6 14.Nd3 h5 15.Rfb1 g5 16.b4 Nxd3
17.Bxd3 axb4 18.Rxb4 g4 19.Be2 Qg5 20.Be1 Nf6 21.Nb5 Rf7 22.Ra4 Rxa4 23.Qxa4 h4
24.Qa8 Rf8 25.Nxc7 Nxe4 26.Bxh4 Qxh4 27.fxe4 g3  0-1

[Event "TCh-FRA Nat1 GpB"]
[Site "Montpellier FRA"]
[Date "2004.04.02"]
[Round "5"]
[White "Chabanon,JL"]
[Black "Relange,E"]
[Result "1/2-1/2"]
[WhiteElo "2449"]
[BlackElo "2505"]

1.d4 Nf6 2.c4 g6 3.Nc3 Bg7 4.e4 d6 5.Nf3 O-O 6.Be2 e5 7.Be3 Na6 8.O-O Ng4
9.Bg5 Qe8 10.dxe5 dxe5 11.h3 f6 12.Bd2 Nh6 13.c5 Nxc5 14.Qc1 Nf7 15.Nd5 Ne6
16.Nxc7 Nxc7 17.Qxc7 Nd8 18.Rfc1 Be6 19.b4 Rf7 20.Qa5 Nc6 21.Qa3 a6 22.Qb2 Bf8
23.a4 Rd7 24.b5 Nd8 25.Be3 Qf7 26.Ra3 f5  1/2-1/2

[Event "TCh-FRA Nat1 GpB"]
[Site "Montpellier FRA"]
[Date "2004.04.03"]
[Round "6"]
[White "Collas,S"]
[Black "Lallemand,R"]
[Result "1-0"]
[WhiteElo "2330"]
[BlackElo "2274"]

1.Nf3 Nf6 2.c4 d6 3.d4 g6 4.Nc3 Bg7 5.e4 O-O 6.Be2 Na6 7.O-O e5 8.Be3 Ng4
9.Bg5 Qe8 10.h3 f6 11.Bd2 Nh6 12.dxe5 dxe5 13.c5 c6 14.Bxa6 bxa6 15.Qa4 Rb8
16.b3 Nf7 17.Rfe1 f5 18.exf5 gxf5 19.Qh4 Qe6 20.Ng5 Nxg5 21.Bxg5 Rb7 22.Rad1 h6
23.Bd8 Rd7 24.Rxd7 Bxd7 25.Rd1 Qe8 26.Be7 Qf7 27.Bd6 Re8 28.Re1 e4 29.Qg3 Kh7
30.Ne2 Rg8 31.Qe3 Bf6 32.Rd1 Bg5 33.Bf4 Be6 34.Rd6 Bd5 35.h4 Bf6 36.g3 Rd8
37.Rxd8 Bxd8 38.Bxh6 Qf6 39.Bg5 Qa1+ 40.Nc1 Bc7 41.Bf4 Ba5 42.Qe2 Qc3 43.Qh5+ Kg8
44.Qg6+ Kh8 45.Be3 f4 46.Qh6+ Kg8 47.Qxf4 Bb4 48.Qb8+ Kf7 49.Qxa7+ Ke6 50.Kg2 Qe1
51.Qxa6 Bd2 52.Ne2 Bxe3 53.fxe3 Ke5 54.Nf4 Qxe3 55.Qe2 Qc3 56.Qh5+  1-0

[Event "TCh-FRA Nat1 GpB"]
[Site "Montpellier FRA"]
[Date "2004.04.03"]
[Round "6"]
[White "Izoria,Z"]
[Black "Glek,I"]
[Result "1-0"]
[WhiteElo "2553"]
[BlackElo "2571"]

1.d4 Nf6 2.c4 g6 3.Nc3 Bg7 4.e4 d6 5.Be2 O-O 6.Nf3 e5 7.O-O Na6 8.Be3 Ng4
9.Bg5 Qe8 10.dxe5 dxe5 11.h3 h6 12.Bd2 Nf6 13.Be3 Qe7 14.a3 c6 15.b4 Rd8
16.Qc2 Nh5 17.Rfd1 Nf4 18.Bf1 Rxd1 19.Rxd1 Qf6 20.Bxf4 exf4 21.e5 Qe7 22.Qd2 Bf5
23.Qxf4 Re8 24.g4 Bc2 25.Rd2 g5 26.Qe3 Bg6 27.Bd3 Bxd3 28.Rxd3 Nc7 29.Qxa7 Ne6
30.Ne2 c5 31.Qa4 Rc8 32.b5 f6 33.exf6 Qxf6 34.Qc2 Rf8 35.Re3 Nd4 36.Nexd4 cxd4
37.Rd3 Qf4 38.Qe2 Qc1+ 39.Rd1 Qxa3 40.Nxd4  1-0

[Event "77th ch-city"]
[Site "St Petersburg RUS"]
[Date "2004.04.04"]
[Round "4"]
[White "Popov,Val"]
[Black "Solovjov,S"]
[Result "1-0"]
[WhiteElo "2580"]
[BlackElo "2426"]

1.c4 Nf6 2.Nc3 g6 3.d4 Bg7 4.e4 d6 5.Nf3 O-O 6.Be2 e5 7.Be3 Ng4 8.Bg5 f6
9.Bc1 exd4 10.Nxd4 f5 11.h3 Nh6 12.exf5 Nxf5 13.Nxf5 Bxf5 14.Be3 Nc6 15.Qd2 Qf6
16.Rd1 Rae8 17.O-O Kh8 18.Nd5 Qf7 19.b3 Ne5 20.Qa5 c5 21.Qc7 Rd8 22.Qxf7 Rxf7
23.b4 cxb4 24.Nxb4 Rc8 25.Bxa7 b5 26.Bd4 bxc4 27.f4 Nd7 28.g4 Be4 29.Bxg7+ Kxg7
30.Rxd6 c3 31.Rd4 Nc5 32.Rc4 Rd7 33.Rxc3 Rd2 34.Re1 Rb8 35.a3 Ne6 36.Bc4 Nc5
37.Bf1  1-0

[Event "10th Schloss Open"]
[Site "Werther GER"]
[Date "2004.04.04"]
[Round "5"]
[White "Lingnau,C"]
[Black "Baklan,V"]
[Result "0-1"]
[WhiteElo "2427"]
[BlackElo "2606"]

1.c4 Nf6 2.Nf3 g6 3.Nc3 Bg7 4.e4 d6 5.d4 O-O 6.Be2 e5 7.Be3 c6 8.d5 Ng4 9.Bg5 f6
10.Bh4 c5 11.O-O h5 12.Nd2 Rf7 13.a3 a5 14.Rb1 Na6 15.h3 Nh6 16.Bg3 f5 17.exf5 Nxf5
18.Bd3 Bh6 19.Nde4 Nc7 20.b4 axb4 21.axb4 cxb4 22.Rxb4 Ra5 23.Re1 Na6 24.Rb1 Nc5
25.Nxc5 Rxc5 26.Ne4 Ra5 27.Qb3 Nxg3 28.fxg3 Bf5 29.Qb4 Bxe4 30.Bxe4 Kg7 31.Qc3 b6
32.Qd3 Rf6 33.Rf1 Ra2 34.h4 Rd2 35.Qb3 Rd4 36.Qc2 Be3+ 37.Kh2 Rf4 38.Rxf4 exf4
39.Bxg6 fxg3+  0-1

[Event "50th Mexican Open Ch"]
[Site "Leon MEX"]
[Date "2004.04.06"]
[Round "1"]
[White "Gonzalez,JC"]
[Black "Waldo,Z"]
[Result "1-0"]
[WhiteElo "2517"]
[BlackElo "2033"]

1.d4 Nf6 2.c4 g6 3.Nc3 Bg7 4.e4 d6 5.Nf3 O-O 6.Be2 e5 7.Be3 Nc6 8.d5 Ne7
9.Nd2 Ne8 10.b4 f5 11.f3 f4 12.Bf2 a5 13.a3 g5 14.c5 Ng6 15.Nc4 axb4 16.axb4 Rxa1
17.Qxa1 h5 18.Qa5 g4 19.cxd6 Nxd6 20.Nxd6 cxd6 21.Qxd8 Rxd8 22.Bb6 Rf8 23.Nb5 Nh4
24.Kf2 Bd7 25.Nxd6 Ra8 26.Rc1 Bf8 27.Rc7 Bxd6 28.Rxd7 Bxb4 29.Rd8+ Rxd8 30.Bxd8 Bc5+
31.Kf1 gxf3 32.gxf3 Ng6 33.Bc7 Kf7 34.d6 Nf8 35.Bc4+ Ke8 36.Bb5+ Nd7 37.Ke2 h4
38.h3  1-0

[Event "Open ch-NOR"]
[Site "Oslo NOR"]
[Date "2004.04.06"]
[Round "4"]
[White "Williams,Si"]
[Black "Van der Weide,K"]
[Result "1-0"]
[WhiteElo "2411"]
[BlackElo "2460"]

1.d4 Nf6 2.c4 g6 3.Nc3 Bg7 4.e4 d6 5.Nf3 O-O 6.Be2 e5 7.Be3 Ng4 8.Bg5 f6
9.Bc1 exd4 10.Nxd4 f5 11.h3 Nh6 12.Bxh6 Bxh6 13.exf5 gxf5 14.O-O Nc6 15.Nxc6 bxc6
16.Bf3 Rb8 17.Rb1 Qd7 18.Qa4 Rb6 19.c5 Ra6 20.Qh4 Bg7 21.Rbd1 Ra5 22.Rfe1 Rxc5
23.Re7 Qd8 24.Rde1 Re5 25.R1xe5 dxe5 26.Bxc6 Kh8 27.Nd5 Be6 28.Qg3 Bf7 29.Rd7 Qe8
30.Nxc7 Qc8 31.Ne6 Rg8 32.Ng5 Bg6 33.Rd6 Rd8 34.Rxg6 Rd1+ 35.Kh2  1-0

[Event "Open ch-NOR"]
[Site "Oslo NOR"]
[Date "2004.04.07"]
[Round "5"]
[White "Pedersen,L"]
[Black "Hagesaether,E"]
[Result "1/2-1/2"]
[WhiteElo "2054"]
[BlackElo "2194"]

1.d4 g6 2.c4 Bg7 3.e4 d6 4.Nc3 Nf6 5.Be2 O-O 6.Nf3 e5 7.d5 Nbd7 8.Be3 h6
9.Nd2 Ne8 10.g4 c6 11.h4 f5 12.gxf5 gxf5 13.exf5 Ndf6 14.Qc2 cxd5 15.cxd5 Bd7
16.O-O-O b5 17.Bxb5 Ng4 18.Bxd7 Qxd7 19.Rhg1 h5 20.Nde4 Qxf5 21.Ng5 Qxc2+
22.Kxc2 Nef6 23.Nce4 Nxe3+ 24.fxe3 Ng4 25.Kd3 Bh6 26.Rdf1 Bxg5 27.Nxg5 Rab8
28.b3 Rb5 29.e4 Rc8 30.Ne6 Kh7 31.Rf5 Kh6 32.Rf8 Rxf8 33.Nxf8 Rb4 34.Rf1 Kg7
35.Ne6+ Kg6 36.Nf8+ Kg7 37.Ne6+ Kg6 38.Rf5 Rb8 39.Rg5+ Kh6 40.Rf5 Rb7 41.Rf8 Kg6
42.Rg8+ Kh7 43.Rf8 Kg6 44.Rg8+ Kh7 45.Rd8 Nf2+ 46.Ke3 Ng4+ 47.Ke2 Kg6 48.Rxd6 Nf6
49.Rc6 Rb4 50.Ng5 a5 51.d6 Rd4 52.Ra6 Nxe4 53.Nxe4 Rxe4+ 54.Kf3 Kf5 55.Rxa5 Rd4
56.Ra6 Ke6 57.Rb6 Rxh4 58.a4 Rf4+ 59.Ke3 h4 60.a5 h3 61.a6 Rf1 62.d7+ Kxd7
63.Rh6 Ra1 64.a7 Kc7 65.Ke4 Rxa7 66.Rxh3 Ra5  1/2-1/2

[Event "77th ch-city"]
[Site "St Petersburg RUS"]
[Date "2004.04.07"]
[Round "7"]
[White "Popov,Val"]
[Black "Loginov,Va"]
[Result "0-1"]
[WhiteElo "2580"]
[BlackElo "2516"]

1.d4 Nf6 2.c4 g6 3.Nc3 Bg7 4.e4 d6 5.Nf3 O-O 6.Be2 e5 7.Be3 Na6 8.d5 Ng4
9.Bg5 f6 10.Bh4 Qe8 11.h3 Nh6 12.Nd2 Bd7 13.f3 Nf7 14.a3 c5 15.Rb1 Qe7 16.Bd3 Bh6
17.Ke2 Nc7 18.b4 b6 19.Qc2 Ne8 20.bxc5 dxc5 21.a4 Nc7 22.a5 Na6 23.axb6 Nb4
24.Qb2 axb6 25.Ra1 Nd6 26.Ndb1 Rxa1 27.Qxa1 b5 28.cxb5 c4 29.Bxc4 Nxc4 30.Bf2 Be3
31.Bxe3 Nxe3 32.Qa7 Nxg2 33.d6 Nf4+  0-1

[Event "Cogas Open"]
[Site "Almelo NED"]
[Date "2004.04.08"]
[Round "1"]
[White "Lingnau,C"]
[Black "Van der Veen,Jan"]
[Result "1-0"]
[WhiteElo "2427"]
[BlackElo "2123"]

1.Nf3 Nf6 2.c4 g6 3.Nc3 Bg7 4.e4 d6 5.d4 O-O 6.Be2 e5 7.Be3 Na6 8.O-O Ng4
9.Bg5 Qe8 10.dxe5 dxe5 11.h3 f6 12.Bd2 Nh6 13.c5 c6 14.Bxa6 bxa6 15.Qa4 Nf7
16.Rad1 Qe7 17.Qxc6 Be6 18.Qxa6 Rab8 19.b3 f5 20.Bc1 Rfc8 21.Ba3 Qe8 22.Rfe1 Rc6
23.Qe2 a5 24.Na4 f4 25.Nd2 Nd8 26.Nc4 f3 27.Qd3 fxg2 28.Nxa5 Rc7 29.Nc4 Nc6
30.Nd6 Qf8 31.Nb6 Ra7 32.Nb5 Rxa3 33.Nxa3 Qxc5 34.Nd7 Qxa3 35.Nxb8 Nxb8 36.Qd8+ Qf8
37.Qb6 Bd7 38.Rd6 Qc8 39.Red1  1-0

[Event "6th Foxwoods Open"]
[Site "Connecticut USA"]
[Date "2004.04.08"]
[Round "3"]
[White "Sarkar,J"]
[Black "Matikozian,A"]
[Result "1/2-1/2"]
[WhiteElo "2375"]
[BlackElo "2467"]

1.d4 Nf6 2.c4 g6 3.Nc3 Bg7 4.e4 d6 5.Nf3 O-O 6.Be2 e5 7.O-O exd4 8.Nxd4 Re8
9.f3 Nc6 10.Be3 Nh5 11.Nxc6 bxc6 12.Qd2 f5 13.exf5 Bxf5 14.Bd4 Nf6 15.Rfe1 Qd7  1/2-1/2

[Event "Open ch-NOR"]
[Site "Oslo NOR"]
[Date "2004.04.08"]
[Round "6"]
[White "Williams,Si"]
[Black "Hunt,A"]
[Result "1/2-1/2"]
[WhiteElo "2411"]
[BlackElo "2411"]

1.d4 Nf6 2.c4 g6 3.Nc3 Bg7 4.e4 d6 5.Nf3 O-O 6.Be2 e5 7.Be3 h6 8.O-O Ng4
9.Bc1 Nc6 10.d5 Ne7 11.Ne1 f5 12.Bxg4 fxg4 13.Nd3 g5 14.c5 Ng6 15.Be3 Rf7
16.a4 Bf8 17.a5 Nf4 18.a6 bxa6 19.Nb4 dxc5 20.Nxa6 Qf6 21.Nxc5 Bxc5 22.Bxc5 Ba6
23.Rxa6 Qxa6 24.Qxg4 Rb8 25.Ba3 Rb3 26.g3 Nd3 27.d6 cxd6 28.Qe6 Rxc3 29.Qg6+ Rg7
30.Qe6+ Rf7 31.Qg6+  1/2-1/2

[Event "ch-city"]
[Site "Berlin GER"]
[Date "2004.04.10"]
[Round "2"]
[White "Escher,C"]
[Black "Von Herman,U"]
[Result "0-1"]
[WhiteElo "2147"]
[BlackElo "2396"]

1.d4 Nf6 2.Nf3 d6 3.c4 g6 4.Nc3 Bg7 5.e4 O-O 6.Be2 e5 7.O-O exd4 8.Nxd4 Re8
9.f3 c6 10.Nc2 h6 11.Ne3 a6 12.a4 a5 13.Qd2 Na6 14.b3 Be6 15.Rb1 Nd7 16.f4 Qb6
17.Bb2 Ndc5 18.Ba1 f5 19.Kh1 Nxb3 20.Rxb3 Qxb3 21.exf5 Bxf5 22.Nxf5 gxf5
23.Bd3 Nc5 24.Bxf5 Qxc4 25.Rf3 Nb3 26.Qd1 Nxa1 27.Qxa1 Qc5 28.Rg3 Qxf5 29.Ne4 Re7
30.Nxd6 Qf6 31.Rxg7+ Qxg7  0-1